Financial management : (Record no. 104159)

MARC details
000 -LEADER
fixed length control field 00919nam a22002417a 4500
005 - DATE AND TIME OF LATEST TRANSACTION
control field 20161022151319.0
010 ## - LCCN (DPL NO)
LC control number B-634830
020 ## - INTERNATIONAL STANDARD BOOK NUMBER
International Standard Book Number 9789339213053
Terms of availability 715.00
020 ## - INTERNATIONAL STANDARD BOOK NUMBER
International Standard Book Number 933921305x
Terms of availability 715.00
035 ## - SYSTEM CONTROL NUMBER
System control number B-634830
037 ## - SOURCE OF ACQUISITION
Source of stock number/acquisition DPL/RP/KK Publications
082 ## - DEWEY DECIMAL CLASSIFICATION NUMBER
Classification number 658.15
100 ## - MAIN ENTRY--PERSONAL NAME
Personal name Khan,M.Y.
245 ## - TITLE STATEMENT
Title Financial management :
Remainder of title text, problems and cases /
Statement of responsibility, etc by M.Y. Khan [and] P.K.Jain
250 ## - EDITION STATEMENT
Edition statement 7th ed
260 ## - PUBLICATION, DISTRIBUTION, ETC. (IMPRINT)
Place of publication, distribution, etc New Delhi
Name of publisher, distributor, etc McGraw Hill Education
Date of publication, distribution, etc 2015(repr.)
270 ## - ADDRESS
Address P-24, Green Park Extension
City New Delhi
Postal code 110016
300 ## - PHYSICAL DESCRIPTION
Extent various pagings
Dimensions 25cm(pbk)
Accompanying material 1CD-ROM
500 ## - GENERAL NOTE
General note Includes bibliographical references and index
700 ## - ADDED ENTRY--PERSONAL NAME
Personal name Jain,P.K.
942 ## - ADDED ENTRY ELEMENTS (KOHA)
Source of classification or shelving scheme Dewey Decimal Classification
Item type English Books
Classification part 658.15
Call number suffix KHA
Holdings
Withdrawn status Lost status Not for loan Collection code Home library Current library Date acquired Source of acquisition Cost, normal purchase price Full call number Barcode Copy number Cost, replacement price Koha item type
      Non-fiction Central Library Central Library 22/10/2016 KK Publications/BL142/18.10.2016/RP2/29.9.2016/21.102016 715.00 658.15 KHA B-634830 1 715.00 English Books

© Delhi Public Library
Hit Counter
free hit counter